| 000 | 00521nam a22001577a 4500 | ||
|---|---|---|---|
| 090 | _c | ||
| 008 | 090202t xxu||||| |||| 00| 0 eng d | ||
| 020 | _a0852364016 (pbk) | ||
| 082 |
_221 _a636.15 _bWOR |
||
| 245 |
_aThe working horse manual / _cEdited by Diana Zeuner. |
||
| 260 |
_aswich : _bFarming Press, _cc1998. |
||
| 300 |
_ax,246p. : _bill. (some col), ports. ; _c 25cm. |
||
| 500 | _aPublished in association with Heavy Horse World magazine. | ||
| 504 | _aIncludes bibliography and index. | ||
| 942 |
_2ddc _cBB |
||
| 999 |
_c10606 _d10606 |
||